000 00704nam a2200265Ia 4500
001 5159
005 20240113233819.0
007 ta
008 050617s1954 a g b000 u hin u
020 _cPB
040 _aCotton College Assam
041 _ahin
082 _a891.43209
_bN 59 N
100 _aMathur, Jagdish Chandra .
245 0 _aNatak Kar Ashk /
_cJagdish Chandra Mathur.
_hTextual Documents
250 _a1st ed. /
260 _aAllahabad :
_bNilabh Prakashan ,
_c1954.
300 _a497p. :
_bill. ;
_c19cm .
653 _aHindi drama-Collections
653 _aHindi drama-Criticism
653 _aGen-Hindi
942 _2ddc
_cBK
999 _c5146
_d5146